| 000 | 00447nam a22001697a 4500 | ||
|---|---|---|---|
| 003 | NUST - PNEC | ||
| 005 | 20170116180922.0 | ||
| 008 | 150905b xxu||||| |||| 00| 0 eng d | ||
| 020 | _a0070458731 | ||
| 040 | _cLIBRARY | ||
| 082 | _a621.183 POR | ||
| 100 |
_97856 _aPort, Robert D. |
||
| 245 |
_aThe naclo guide to boiler failure analysis _cRobert D. Port |
||
| 260 | _cc.1991 | ||
| 650 |
_97860 _aMechanical Engineering _xME |
||
| 942 |
_2ddc _cBK |
||
| 999 |
_c65664 _d65664 |
||